000 00607nmm a22001817a 4500
003 OSt
005 20240521111303.0
006 eBook
008 240521b |||||||| |||| 00| 0 eng d
040 _cMRSPTU
100 _aKroll, Per
245 _aAgility And Discipline Made Easy Practices From Openup And Rup
250 _a1st
260 _aNew Delhi
_bPearson
_c2006
600 _2Management
856 _3Click here to access the e-book
_uhttps://ebookcentral.proquest.com/lib/gzsptuc/detail.action?docID=5126457&query=Agility+And+Discipline+Made+Easy+Practices+From+Openup+And+Rup
942 _2ddc
_cEB
_n1
999 _c10336
_d10336